000 00757aas a2200217 4500
999 _c1917
_d1917
003 BR-BrBNA
005 20230317233340.0
007 ta
008 230119b bl ||||| |||| 00| 0 por d
035 _a000485-5
040 _aBR-BrBNA
_bPor
_cBR-BrBNA
042 _aN
044 _abl
245 _aAssistência Técnica - Empresa de Assistência Ténica e Extensão Rural do Estado do Maranhão (Brazil)
260 _aSão Luis-MA
_bEmpresa de Assistência Técnica e Extensão Rural do Estado do Maranhão
_c1983. Data final de publicação em 1987
_eBMA
270 _aAv. Getúlio Vargas 2321 - Monte Castelo - 65035-000 - São Luis - MA
310 _airregular
505 _a1983 (2, 3-4); 1984 (6); 1987 (7);
909 _a56
_bSergio Santos
_c56
_dSergio Santos
942 _cCR
_2AGRIS